UEFA Team of the Year 2009 - Statistics

General Stats
  • This quiz has been taken 90 times
  • The average score is 12 of 12
Answer Stats
Position Nationality Club Answer % Correct
LM Spain Barcelona Andrés Iniesta
100%
RM Portugal Manchester United / Real Madrid Cristiano Ronaldo
100%
GK Spain Real Madrid Iker Casillas
100%
ST Argentina Barcelona Lionel Messi
100%
CM Spain Barcelona Xavi
100%
ST Sweden Inter Milan / Barcelona Zlatan Ibrahimović
100%
CB Spain Barcelona Carles Puyol
99%
CB England Chelsea John Terry
99%
Manager Spain Barcelona Pep Guardiola
99%
RB Brazil Barcelona Dani Alves
97%
CM Brazil AC Milan / Real Madrid Kaká
96%
LB France Manchester United Patrice Evra
91%
No matching quizzes found
Score Distribution
Percent of People with Each Score
Percentile by Number Answered
Your Score History
You have not taken this quiz